00363nam a2200145Ia 4500008004100000020001500041041001200056082001100068100001400079245005300093250000900146260004000155300000900195650001300204221030s9999 xx 000 0 und d a8131733660 aEnglish a105.23 aE. Hughes 0aElectrical & Electronic Technologycby E. Hughes a10th bPearson EducationaNew Delhic2011 a1008 aECE & EE